000 00587nam a2200157 i 4500
001 43738
003 ES-MaACL
005 20230906160851.0
007 t|
008 030318s1888 sp ||||1| spa d
245 0 0 _aCatálogo razonado de los objetos presentados por la Dirección General del Instituto Geográfico y Estadístico, en la exposición universal de Barcelona de 1888.
260 _aMadrid :
_b[s.n.],
_c1888.
710 2 _aInstituto Geográfico y Estadístico (España)
_93892
711 2 _aExposición Universal (
_d1888.
_cBarcelona)
_9153421
852 _aES-MaACL
_jT-761-F-6
999 _c43738
_d43738